000
00321nam a22001457a 4500
020
_a
0-00-674848-1
082
_a
823
_b
AND/C
100
_a
ANDERSON SCOULAR
245
_a
CLOGPOTS IN SPACE
260
_a
BRITAIN
_b
A& C PUBLISHERS
_c
1994
300
_a
64
520
_a
ENGLSH NOVEL
650
_a
ENGLISH NOVEL
942
_c
BK
999
_c
5730
_d
5730